Recent concepts, knowledge,practices, and new skills in participatory integrated watershed management. : Trainers' resources book
Contents: Recent concepts in and approaches to participatory intergrated management; appropriate technologies and practices in participatory intergrated management.
保存先:
| フォーマット: | 図書 |
|---|---|
| 言語: | Undetermined |
| 出版事項: |
Netherlands
International centre for intergrated mountation development
[19..]
|
| 主題: | |
| タグ: |
タグ追加
タグなし, このレコードへの初めてのタグを付けませんか!
|
| Thư viện lưu trữ: | Trung tâm Học liệu Trường Đại học Cần Thơ |
|---|
| LEADER | 00844nam a2200193Ia 4500 | ||
|---|---|---|---|
| 001 | CTU_143869 | ||
| 008 | 210402s9999 xx 000 0 und d | ||
| 082 | |a 333.73 | ||
| 082 | |b R295 | ||
| 245 | 0 | |a Recent concepts, knowledge,practices, and new skills in participatory integrated watershed management. : | |
| 245 | 0 | |b Trainers' resources book | |
| 245 | 0 | |c Bal Ram Bhatta ... [et al.]edirors | |
| 260 | |a Netherlands | ||
| 260 | |b International centre for intergrated mountation development | ||
| 260 | |c [19..] | ||
| 520 | |a Contents: Recent concepts in and approaches to participatory intergrated management; appropriate technologies and practices in participatory intergrated management. | ||
| 650 | |a Watershed management,Quản lý lưu vực sông | ||
| 904 | |i Tuýen | ||
| 980 | |a Trung tâm Học liệu Trường Đại học Cần Thơ | ||